Japanese Car Brands - Sudden Death - Statistics

General Stats
  • This quiz has been taken 396 times
  • The average score is 6 of 13
Answers on the Grid
Answers color-coded by a green-red scale on the quiz's grid according to % correct below.
Toyota
Honda
Nissan
Suzuki
Isuzu
Mazda
Mitsubishi
Subaru
Lexus
Daihatsu
Hino
Infiniti
Acura
Hyundai
Kia
Hitachi
Komatsu
Fujitsu
Chery
Genesis
Epson
Toshiba
Sumitomo
Proton
Denza
Mizuho
Itochu
Alpheon
Ampol
Asahi
 
Answer Stats
Answer % Correct
Toyota
68%
Mitsubishi
63%
Honda
60%
Nissan
60%
Suzuki
59%
Mazda
53%
Subaru
52%
Isuzu
44%
Acura
42%
Lexus
42%
Infiniti
37%
Daihatsu
36%
Hino
13%
No matching quizzes found
Score Distribution
Percent of People with Each Score
Percentile by Number Answered
Your Score History
You have not taken this quiz